00544nam a2200193Ii 450000100060000000300090000600800410001502000150005604000330007104100080010408200190011210000290013124500260016026400710018630000120025733600260026933700280029533800270032311456CO-ViMGA241108s9999||||xx |||||||||||||| ||und|| a958939339X aCO-ViMGAbspaerdacCO-ViMGA0 aunk04a759.9861 B687c1 aEnrique Pulecio Mariño10aColombia panorámica 1a[Lugar de publicación no identificado] : Villegas Editores, 1997 avolumen atextbtxt2rdacontent aunmediatedbn2rdamedia avolumebnc2rdacarrier